Legend of Zelda: All NES Treasures Quiz Stats

 Plays Quiz Updated Sep 15, 2015

Also try: Zelda Bosses
Challenge
Share
Tweet
Embed
Score 0/35 Timer 07:00
0 Plays Today
% Correct
Sword
81.6%
Bow
76.8%
Arrow
73.9%
Boomerang
73.3%
Bomb
70.6%
Heart
58.7%
Raft
58.6%
Rupy
47.2%
Red candle
44.9%
Blue candle
44.8%
Red ring
44.7%
Blue ring
44.6%
Triforce
43.2%
Key
42.2%
Silver arrow
40.7%
White sword
38.4%
Container heart
37.4%
Fairy
37%
% Correct
Map
35.4%
Compass
32.3%
Magical sword
30.2%
Stepladder
28.4%
Magical boomerang
27.5%
Letter
23.8%
Power bracelet
23.1%
Recorder
22.3%
Food
21.6%
Magical shield
21.5%
Magical key
21%
Clock
17.6%
Book of magic
17.2%
Magical rod
16.1%
5 Rupies
16%
Life potion
12.4%
2nd potion
10%

You're not logged in!

Compare scores with friends on all Sporcle quizzes.
OR
Log In

You Might Also Like...

Show Comments

Extras

Top Quizzes Today


Score Distribution

Your Account Isn't Verified!

In order to create a playlist on Sporcle, you need to verify the email address you used during registration. Go to your Sporcle Settings to finish the process.

Report this User

Report this user for behavior that violates our Community Guidelines.

Details: